000 00573nam a2200193 a 4500
005 20240920063920.0
008 010914s1991 cl r 000 0 eng d
020 _a9582001267
035 _aUPN01000111497
049 _aCG
050 4 _aLC5255 C6
_bE2.8
245 0 0 _aEducación de adultos y democracia /
_ced. Jorge Osorio Vargas.
260 _aSanta Fé de Bogotá :
_bMagisterio,
_cc1991.
300 _a284 p.
440 0 _aBiblioteca de educación de adultos ;
_v1
650 4 _aEducación de adultos
_9956
700 1 _aOsorio Vargas, Jorge,
_eed.
905 _aLibro
999 _c85405
_d85405